[Event "Hillerod Spar Nord op"]
[Site "Hillerod"]
[Date "2016.10.07"]
[Round "4"]
[White "Hein, Jacob"]
[Black "Hansen, Hardy"]
[Result "1-0"]
[WhiteElo "1428"]
[BlackElo "1414"]
[PlyCount "155"]
[EventDate "2016.09.13"]
[EventType "swiss"]
[EventRounds "7"]
[EventCountry "DEN"]
[SourceTitle "EXT 2024"]
[Source "ChessBase"]
[SourceDate "2023.10.10"]
[SourceVersion "1"]
[SourceVersionDate "2023.10.10"]
[SourceQuality "1"]

1. d4 d5 2. Bf4 c6 3. Nc3 Nf6 4. h3 h6 5. Nf3 Bf5 6. Ne5 e6 7. a3 g5 8. Bh2 h5 9. Nf3 Bh6 10. Be5 Nbd7 11. Bd6 Ne4 12. Nd2 Nxd6 13. f3 g4 14. e4 Qh4+ 15. Ke2 gxf3+ 16. Nxf3 Bg4 17. Kd3 Bxf3 18. Qxf3 dxe4+ 19. Nxe4 Nxe4 20. Qxe4 Qg3+ 21. Qf3 Qg6+ 22. Kc3 0-0-0 23. Bd3 Qg7 24. Ba6 Nb8 25. Bxb7+ Kxb7 26. Rhd1 Rd5 27. Kc4 Nd7 28. c3 Rd8 29. Kb3 Kb6 30. Rf1 f6 31. Qe4 Qf7 32. c4 Rg5 33. a4 a5 34. c5+ Rxc5 35. Ka3 Rd5 36. Rf3 Kc7 37. Raf1 Bf8+ 38. Ka2 e5 39. b3 Rxd4 40. Qe2 Nc5 41. Qxe5+ Kb6 42. Rb1 Be7 43. Qe1 Rxa4+ 44. Kb2 Nd3+ 45. Rxd3 Rxd3 46. bxa4 Kc7 47. Qxa5+ Kd7 48. Qf5+ Kc7 49. Qxd3 f5 50. Qa6 Bc5 51. Kc2 Qa2+ 52. Rb2 Qd5 53. Qb7+ Kd6 54. Qb8+ Ke7 55. Rb7+ Kf6 56. Qh8+ Kg5 57. Qg7+ Kh4 58. Qf6+ Kg3 59. Qg5+ Kf2 60. Qf4+ Ke2 61. Rb2 Ba3 62. Qf3+ Qxf3 63. gxf3 Bxb2 64. Kxb2 Kxf3 65. a5 Kg3 66. a6 f4 67. a7 f3 68. a8Q f2 69. Qg8+ Kxh3 70. Qf7 Kg2 71. Qg6+ Kf1 72. Qxc6 h4 73. Kc2 Ke2 74. Qe4+ Kf1 75. Qxh4 Kg2 76. Qg4+ Kf1 77. Kd3 Ke1 78. Qe2# 1-0

[Event "Hillerod Byturnering D"]
[Site "Hillerod"]
[Date "2016.05.03"]
[Round "1"]
[White "Hviid, Jens"]
[Black "Hansen, Hardy"]
[Result "1-0"]
[WhiteElo "1556"]
[BlackElo "1401"]
[PlyCount "91"]
[EventDate "2016.04.26"]
[EventType "tourn"]
[EventRounds "7"]
[EventCountry "DEN"]
[SourceTitle "EXT 2024"]
[Source "ChessBase"]
[SourceDate "2023.10.10"]
[SourceVersion "1"]
[SourceVersionDate "2023.10.10"]
[SourceQuality "1"]

1. c4 e5 2. Nc3 c6 3. g3 g6 4. Bg2 Bg7 5. Nf3 Ne7 6. 0-0 Nf5 7. e4 Nd4 8. Ne2 0-0 9. Nfxd4 exd4 10. d3 d6 11. b4 a6 12. Bb2 c5 13. a3 Nd7 14. Nf4 Ne5 15. Bh3 Bh6 16. Bxc8 Qxc8 17. Nd5 Qd8 18. f4 Nd7 19. Qg4 Bg7 20. Qh3 Nf6 21. Nxf6+ Bxf6 22. Qg2 Qc7 23. Rae1 Rfe8 24. bxc5 Qxc5 25. Bc1 b5 26. cxb5 Qxb5 27. Qf3 Rac8 28. Bd2 Rc2 29. Bb4 Qc6 30. Bxd6 Be7 31. Bxe7 Rxe7 32. Rf2 Qc3 33. Rfe2 Rd2 34. e5 Rxd3 35. Qa8+ Kg7 36. Qxa6 Qc5 37. Qf6+ Kg8 38. Qd6 Qa7 39. Rb1 Re8 40. Qc6 Re7 41. Reb2 Re6 42. Rb8+ Kg7 43. Qc8 Qxa3 44. Kg2 g5 45. Qg8+ Kh6 46. Qxg5# 1-0

[Event "Hillerod CC-ch C"]
[Site "Hillerod"]
[Date "2016.03.25"]
[Round "8"]
[White "Jensen, Torben Brieghel"]
[Black "Hansen, Hardy"]
[Result "0-1"]
[WhiteElo "1545"]
[BlackElo "1398"]
[PlyCount "52"]
[EventDate "2016.01.05"]
[EventType "swiss"]
[EventRounds "9"]
[EventCountry "DEN"]
[SourceTitle "EXT 2024"]
[Source "ChessBase"]
[SourceDate "2023.10.10"]
[SourceVersion "1"]
[SourceVersionDate "2023.10.10"]
[SourceQuality "1"]

1. e4 d6 2. d4 c6 3. Nf3 Nd7 4. Be2 h6 5. Nc3 e6 6. 0-0 g6 7. d5 cxd5 8. exd5 e5 9. Na4 Ngf6 10. c4 b6 11. b4 Bb7 12. Nc3 a6 13. Be3 Rc8 14. Rc1 Ng4 15. Nd2 Nxe3 16. fxe3 Nf6 17. Nce4 Nd7 18. Nc3 h5 19. e4 Bh6 20. Rc2 Nf6 21. h3 g5 22. Bxh5 Nxh5 23. Qxh5 Rc7 24. Ne2 Bc8 25. Ng3 g4 26. Nf5 Be3+ 0-1

[Event "Hillerod CC-ch C"]
[Site "Hillerod"]
[Date "2016.02.24"]
[Round "5"]
[White "Holm, Erik"]
[Black "Hansen, Hardy"]
[Result "0-1"]
[WhiteElo "1403"]
[BlackElo "1398"]
[PlyCount "124"]
[EventDate "2016.01.05"]
[EventType "swiss"]
[EventRounds "9"]
[EventCountry "DEN"]
[SourceTitle "EXT 2024"]
[Source "ChessBase"]
[SourceDate "2023.10.10"]
[SourceVersion "1"]
[SourceVersionDate "2023.10.10"]
[SourceQuality "1"]

1. e4 c5 2. Nf3 Nc6 3. d4 Nf6 4. Nc3 e6 5. Bb5 h6 6. h3 Qb6 7. dxc5 Bxc5 8. 0-0 Nxe4 9. Nxe4 Qxb5 10. Be3 Be7 11. b3 d5 12. Nc3 Qa5 13. Bd2 Qd8 14. Bf4 Bf6 15. Nb5 e5 16. Be3 a6 17. Na3 Qd6 18. Nc4 Qe6 19. Nb6 Rb8 20. Rc1 d4 21. Bd2 e4 22. Nh2 Bd8 23. Nxc8 Rxc8 24. Re1 f5 25. Qh5+ g6 26. Qe2 Bb6 27. Kh1 Kf8 28. Nf1 Re8 29. Rcd1 Qf6 30. a4 Kg7 31. Qc4 Rc8 32. Qe2 Rhe8 33. Rc1 Ne5 34. Red1 Kh7 35. Bb4 d3 36. cxd3 Nxd3 37. Rxc8 Rxc8 38. Be1 Rd8 39. Rd2 Ba5 40. Rd1 Bxe1 41. Rxe1 Nxe1 42. Qxe1 f4 43. Qb4 h5 44. Qxb7+ Kh6 45. Qxe4 Rd1 46. Qe2 Rb1 47. Qd3 Rb2 48. Kg1 Qb6 49. Nd2 Qa5 50. Nc4 Qe1+ 51. Qf1 Qxf1+ 52. Kxf1 Rxb3 53. Ke2 Rb4 54. Nd2 Rxa4 55. Kf3 g5 56. Ne4 Kg6 57. g3 Ra3+ 58. Kg2 f3+ 59. Kh2 g4 60. hxg4 hxg4 61. Nd2 Ra2 62. Ne4 Re2 0-1

[Event "Hillerod CC-ch C"]
[Site "Hillerod"]
[Date "2016.01.26"]
[Round "3"]
[White "Hansen, Hardy"]
[Black "Jahic, Afan"]
[Result "0-1"]
[WhiteElo "1398"]
[BlackElo "1151"]
[PlyCount "112"]
[EventDate "2016.01.05"]
[EventType "swiss"]
[EventRounds "9"]
[EventCountry "DEN"]
[SourceTitle "EXT 2024"]
[Source "ChessBase"]
[SourceDate "2023.10.10"]
[SourceVersion "1"]
[SourceVersionDate "2023.10.10"]
[SourceQuality "1"]

1. d4 Nf6 2. h3 g6 3. Bf4 Bg7 4. c3 d6 5. e3 c5 6. dxc5 d5 7. g4 Nbd7 8. Qa4 0-0 9. Qb4 e5 10. Bg3 Ne4 11. Bh2 Qh4 12. Bg3 Nxg3 13. fxg3 Qxg3+ 14. Ke2 Bh6 15. Nf3 e4 16. Nbd2 exf3+ 17. Nxf3 Ne5 18. Kd2 Nxf3+ 19. Kc2 Qf2+ 20. Kb3 Nd2+ 21. Ka3 Nc4+ 22. Bxc4 dxc4 23. Qxc4 Be6 24. Qe4 Qxe3 25. Qb4 Rfc8 26. Rae1 Qxc5 27. Qxc5 Rxc5 28. Re4 Bf8 29. Ka4 Bd5 30. Rhe1 Bxe4 31. Rxe4 b5+ 32. Kb3 a5 33. a3 a4+ 34. Ka2 Rc4 35. Re5 Rc5 36. Re3 Bh6 37. Rd3 Re8 38. h4 Bf4 39. Rd4 Rc4 40. Rd5 Rb8 41. h5 gxh5 42. gxh5 Kg7 43. Rd3 Rc5 44. Rd4 Bh6 45. Rg4+ Rg5 46. Rd4 Rxh5 47. Rb4 f5 48. c4 f4 49. b3 axb3+ 50. Rxb3 Rf5 51. a4 b4 52. Rf3 b3+ 53. Kb2 Kg6 54. Rxb3 Bg7+ 55. Ka3 Rxb3+ 56. Kxb3 Bd4 0-1

[Event "Hillerod op"]
[Site "Hillerod"]
[Date "2015.10.02"]
[Round "5"]
[White "Nielsen, Benny"]
[Black "Hansen, Hardy"]
[Result "0-1"]
[WhiteElo "1101"]
[BlackElo "1500"]
[PlyCount "44"]
[EventDate "2015.09.08"]
[EventType "swiss"]
[EventRounds "7"]
[EventCountry "DEN"]
[SourceTitle "EXT 2024"]
[Source "ChessBase"]
[SourceDate "2023.10.10"]
[SourceVersion "1"]
[SourceVersionDate "2023.10.10"]
[SourceQuality "1"]

1. d4 d5 2. Nf3 h6 3. e3 Nf6 4. Be2 Bf5 5. Nc3 e6 6. a3 c6 7. 0-0 Ne4 8. Bd3 Nd7 9. Ne5 Bd6 10. f4 Ndf6 11. h3 g5 12. Be2 Ng3 13. Rf3 Nfe4 14. Nxe4 Nxe4 15. Bd3 h5 16. Bxe4 dxe4 17. Rg3 g4 18. hxg4 hxg4 19. Nxg4 Kd7 20. Ne5+ Bxe5 21. dxe5+ Kc7 22. Qe1 Qh4 0-1

[Event "Hillerod op"]
[Site "Hillerod"]
[Date "2015.09.20"]
[Round "3"]
[White "Pedersen, Jan2222"]
[Black "Hansen, Hardy"]
[Result "1-0"]
[WhiteElo "1478"]
[BlackElo "1500"]
[PlyCount "107"]
[EventDate "2015.09.08"]
[EventType "swiss"]
[EventRounds "7"]
[EventCountry "DEN"]
[SourceTitle "EXT 2024"]
[Source "ChessBase"]
[SourceDate "2023.10.10"]
[SourceVersion "1"]
[SourceVersionDate "2023.10.10"]
[SourceQuality "1"]

1. d4 d5 2. c4 c6 3. e3 Nf6 4. Nc3 Bf5 5. Nf3 h6 6. cxd5 cxd5 7. Bb5+ Nbd7 8. Ne5 a6 9. Bxd7+ Bxd7 10. Qb3 Be6 11. Qxb7 Qc8 12. Qxc8+ Rxc8 13. 0-0 g5 14. Na4 Bg7 15. Nc5 Ra8 16. Nxe6 fxe6 17. b3 Nd7 18. Nxd7 Kxd7 19. Bb2 Bf6 20. Rac1 Rhc8 21. Rxc8 Rxc8 22. Rc1 Rxc1+ 23. Bxc1 Kc6 24. a4 e5 25. Bb2 e4 26. Ba3 e6 27. Kf1 g4 28. Ke2 e5 29. Bb2 exd4 30. Bxd4 Be7 31. f3 gxf3+ 32. gxf3 exf3+ 33. Kxf3 Bc5 34. Kf4 Bd6+ 35. Be5 a5 36. Bxd6 Kxd6 37. h4 h5 38. Kg5 Ke5 39. Kxh5 Kf5 40. Kh6 Kf6 41. h5 Kf7 42. Kg5 Kg7 43. Kf5 Kh6 44. Ke5 Kxh5 45. Kxd5 Kg5 46. e4 Kf6 47. e5+ Ke7 48. e6 Ke8 49. Kc6 Ke7 50. Kb5 Kxe6 51. Kxa5 Kd6 52. Kb6 Kd7 53. Kb7 Kd6 54. a5 1-0

[Event "Hillerod op"]
[Site "Hillerod"]
[Date "2015.09.14"]
[Round "2"]
[White "Jensen, Torben Brieghel"]
[Black "Hansen, Hardy"]
[Result "1-0"]
[WhiteElo "1552"]
[BlackElo "1500"]
[PlyCount "133"]
[EventDate "2015.09.08"]
[EventType "swiss"]
[EventRounds "7"]
[EventCountry "DEN"]
[SourceTitle "EXT 2024"]
[Source "ChessBase"]
[SourceDate "2023.10.10"]
[SourceVersion "1"]
[SourceVersionDate "2023.10.10"]
[SourceQuality "1"]

1. e4 e5 2. Nf3 d6 3. d4 f6 4. Bc4 c6 5. dxe5 fxe5 6. 0-0 Nf6 7. Ng5 d5 8. exd5 Nxd5 9. Re1 Nd7 10. Bxd5 cxd5 11. Qxd5 Qf6 12. Nc3 Nb6 13. Rxe5+ Be7 14. Qb5+ Bd7 15. Qe2 0-0-0 16. Bd2 Bd6 17. Re4 Bc6 18. Qg4+ Kb8 19. Re2 h6 20. Nge4 Bxe4 21. Qxe4 Bc7 22. a4 Qf7 23. Nb5 Rhe8 24. Qg4 h5 25. Qh4 Rxe2 26. Be3 Nd5 27. Bxa7+ Ka8 28. Qc4 Qe8 29. Nxc7+ Nxc7 30. Be3 Rxe3 31. fxe3 Qxe3+ 32. Kh1 Ne6 33. a5 Nc5 34. a6 Nxa6 35. b4 Kb8 36. b5 Qd2 37. h3 Rc8 38. Qe4 Qc3 39. Ra2 g5 40. bxa6 Qc6 41. Qe5+ Qc7 42. Qxg5 Qf7 43. Rb2 Qf1+ 44. Kh2 Qxa6 45. Qxh5 Qd6+ 46. Kh1 Rf8 47. Rb1 Qc6 48. Qe5+ Kc8 49. Ra1 b6 50. c4 Rf2 51. Qd5 Qxd5 52. cxd5 Rd2 53. h4 Kb7 54. Kh2 Rxd5 55. Kh3 b5 56. Rb1 Kb6 57. Rb3 Kc5 58. g4 Kc4 59. Rg3 Rd3 60. Rxd3 Kxd3 61. h5 b4 62. h6 b3 63. h7 b2 64. h8Q Kc2 65. Qh7+ Kc1 66. g5 Kd2 67. Qb1 1-0

[Event "Hillerod op"]
[Site "Hillerod"]
[Date "2015.09.08"]
[Round "1"]
[White "Hansen, Hardy"]
[Black "Christiansen, Torsten Sundgaar"]
[Result "0-1"]
[WhiteElo "1500"]
[BlackElo "1740"]
[PlyCount "68"]
[EventDate "2015.09.08"]
[EventType "swiss"]
[EventRounds "7"]
[EventCountry "DEN"]
[SourceTitle "EXT 2024"]
[Source "ChessBase"]
[SourceDate "2023.10.10"]
[SourceVersion "1"]
[SourceVersionDate "2023.10.10"]
[SourceQuality "1"]

1. d4 e6 2. Nf3 f5 3. e3 d5 4. Ne5 Nf6 5. Nd2 Bd6 6. Ndf3 a6 7. h3 Nc6 8. Nxc6 bxc6 9. c3 Ne4 10. Bd3 a5 11. Qe2 Rb8 12. 0-0 0-0 13. Ne5 Rb6 14. c4 Bxe5 15. dxe5 Nc5 16. Rd1 Nxd3 17. Rxd3 Ba6 18. b3 a4 19. Qc2 Qe7 20. Rc3 dxc4 21. bxc4 Rfb8 22. Ba3 Qh4 23. Rd1 Qe4 24. Rcd3 Bxc4 25. Rd8+ Rxd8 26. Rxd8+ Kf7 27. Qc3 Bd5 28. f3 Qb1+ 29. Kh2 Qxa2 30. Qc5 Bxf3 31. Qe7+ Kg6 32. Kg3 Qxg2+ 33. Kf4 Bd5 34. Rxd5 Qf2# 0-1

[Event "Hillerod Nordea Cup E"]
[Site "Hillerod"]
[Date "2014.04.29"]
[Round "1"]
[White "Holm, Erik"]
[Black "Hansen, Hardy"]
[Result "0-1"]
[WhiteElo "1446"]
[BlackElo "1516"]
[PlyCount "72"]
[EventDate "2014.04.29"]
[EventType "tourn"]
[EventRounds "7"]
[EventCountry "DEN"]
[SourceTitle "EXT 2024"]
[Source "ChessBase"]
[SourceDate "2023.10.10"]
[SourceVersion "1"]
[SourceVersionDate "2023.10.10"]
[SourceQuality "1"]

1. e4 c5 2. Nf3 Nc6 3. c3 Nf6 4. e5 Ng4 5. d4 d6 6. h3 Nh6 7. d5 Nxe5 8. c4 Nf5 9. Nc3 a6 10. Nxe5 dxe5 11. Bd3 Nd4 12. 0-0 e6 13. Re1 Bd6 14. dxe6 Bxe6 15. b3 Qd7 16. h4 Bh3 17. Re3 Be6 18. Ne4 Nf5 19. Nxd6+ Qxd6 20. Re4 f6 21. Bb2 Rd8 22. Be2 Qc6 23. Qc2 h5 24. Re1 g6 25. Bf1 Nh6 26. R4e3 Rg8 27. f4 Bf5 28. Qc3 Ng4 29. R3e2 Kf7 30. fxe5 Qc7 31. Qg3 Kf8 32. a3 Rg7 33. Qf3 Rgd7 34. g3 Rd3 35. Qf4 Rxb3 36. exf6 Rxg3+ 0-1

[Event "Hillerod op"]
[Site "Hillerod"]
[Date "2014.??.??"]
[Round "3"]
[White "Rasmussen, Ole H"]
[Black "Hansen, Hardy"]
[Result "1-0"]
[WhiteElo "1717"]
[BlackElo "1479"]
[PlyCount "79"]
[EventDate "2014.08.26"]
[EventType "swiss"]
[EventRounds "7"]
[EventCountry "DEN"]
[SourceTitle "EXT 2024"]
[Source "ChessBase"]
[SourceDate "2023.10.10"]
[SourceVersion "1"]
[SourceVersionDate "2023.10.10"]
[SourceQuality "1"]

1. e4 e5 2. Nf3 d6 3. Bc4 h6 4. 0-0 Nf6 5. Nc3 c6 6. h3 Nbd7 7. Re1 Be7 8. a3 Nc5 9. b4 Ne6 10. d4 b5 11. Bxe6 Bxe6 12. dxe5 Nh7 13. exd6 Bg5 14. e5 Qd7 15. Ne4 Rd8 16. Nc5 Qc8 17. Nxe6 Qxe6 18. Nd4 Qd7 19. f4 Bh4 20. Rf1 g5 21. Qh5 Nf6 22. exf6 Qxd6 23. Qe2+ Kf8 24. Qe7+ Qxe7 25. fxe7+ Kxe7 26. Nxc6+ Kd7 27. Nxd8 Kxd8 28. fxg5 hxg5 29. Rxf7 a6 30. Bb2 Re8 31. Rd1+ Kc8 32. Bg7 Re4 33. Bf6 Re8 34. Ra7 Bg3 35. Bxg5 Bc7 36. Ra8+ Bb8 37. Bf4 Kb7 38. Rxb8+ Rxb8 39. Bxb8 Kxb8 40. h4 1-0

[Event "Nordea Cup-E"]
[Site "Hillerod"]
[Date "2013.05.07"]
[Round "2"]
[White "Feldung, Arne"]
[Black "Hansen, Hardy"]
[Result "0-1"]
[WhiteElo "1110"]
[BlackElo "1315"]
[PlyCount "92"]
[EventDate "2013.04.30"]
[EventType "swiss"]
[EventRounds "7"]
[EventCountry "DEN"]
[SourceTitle "EXT 2023"]
[Source "ChessBase"]
[SourceDate "2022.10.05"]
[SourceVersion "1"]
[SourceVersionDate "2022.10.05"]
[SourceQuality "1"]

1. d4 d5 2. c4 Nf6 3. Nc3 c6 4. Nf3 h6 5. g3 Bf5 6. Bg2 e6 7. h3 Na6 8. 0-0 Bd6 9. Ne5 0-0 10. Re1 Nb4 11. e4 Bh7 12. Nd3 e5 13. dxe5 Nxd3 14. Qxd3 Bxe5 15. Be3 d4 16. f4 dxe3 17. Qxd8 Rfxd8 18. fxe5 Nd7 19. Rxe3 Nxe5 20. Rd1 Nxc4 21. Red3 Re8 22. b3 Nb2 23. Rd7 Nxd1 24. Rxd1 Re7 25. Re1 Re5 26. Kf2 g5 27. g4 Rd8 28. Ke3 Rc5 29. Na4 Rc2 30. Re2 Rc1 31. Rd2 Rxd2 32. Kxd2 Rg1 33. Bf3 Rg3 34. Ke3 Rxh3 35. Nc5 b6 36. e5 h5 37. Nd7 Bg6 38. Nf6+ Kf8 39. gxh5 Bb1 40. Kf2 Bxa2 41. Kg2 Rh4 42. Ng4 Bxb3 43. Kg3 Bd5 44. h6 Bxf3 45. Kxf3 a5 46. Ne3 Rxh6 0-1